000 00713nam a2200205Ia 4500
003 GCL
008 140319s9999 xx 000 0 ara d
040 _aGCL /
_cGCL
082 0 4 _a953
_bا م
100 1 _aعبدالتواب شرف الدين
245 1 0 _aالمرجع فى الحضارة العربية الاسلامية /
_cعبدالتواب شرف الدين
700 1 _aابراهيم سلمان الكردى
300 _a512 ص
490 _aالهيئة العامة للاستعلامات
_v0
650 0 4 _aالتاريخ الاسلامى
650 0 4 _aالعلوم عند العرب
650 0 4 _aالعلماء العرب
650 0 4 _aالتربية الاسلامية
942 _2ddc
_cBK
999 _c48056
_d48056